[Event "WchT Seniors 65"]
[Site "Krakow"]
[Date "2024.07.05"]
[Round "4.2"]
[White "Messa, Roberto"]
[Black "Soderberg, Per"]
[Result "1/2-1/2"]
[WhiteElo "2262"]
[BlackElo "2015"]
[PlyCount "59"]
[EventDate "2024.07.02"]
[EventType "team-swiss"]
[EventRounds "9"]
[EventCountry "POL"]
[SourceTitle "CB29_2024"]
[SourceDate "2024.05.01"]
[SourceVersion "1"]
[SourceVersionDate "2024.05.01"]
[SourceQuality "1"]
[WhiteTeam "Italy 65"]
[BlackTeam "Sweden 65"]
[WhiteTeamCountry "ITA"]
[BlackTeamCountry "SWE"]

1. d4 d5 2. c4 e6 3. Nf3 Nf6 4. Nc3 Be7 5. Bf4 0-0 6. e3 c6 7. Bd3 Nbd7 8. 0-0 h6 9. h3 b6 10. e4 dxe4 11. Nxe4 Nxe4 12. Bxe4 Bb7 13. Qe2 Nf6 14. Bc2 c5 15. Rad1 cxd4 16. Nxd4 Qc8 17. Be5 a6 18. b3 Qc5 19. Rfe1 Rfe8 20. Qd3 g6 21. Nxe6 Qc6 22. Nf4 Rad8 23. Qg3 Rxd1 24. Rxd1 Ne4 25. Bxe4 Qxe4 26. Nd5 Bxd5 27. Rxd5 Bc5 28. Bc3 Qb1+ 29. Kh2 Qxa2 30. Bd4 1/2-1/2

[Event "WchT Seniors 65"]
[Site "Struga"]
[Date "2023.09.28"]
[Round "9.2"]
[White "Messa, Roberto"]
[Black "Xheladini, Mahmut"]
[Result "1/2-1/2"]
[WhiteElo "2289"]
[BlackElo "2149"]
[PlyCount "82"]
[EventDate "2023.09.19"]
[EventType "team-swiss"]
[EventRounds "9"]
[EventCountry "MKD"]
[SourceTitle "EXT 2024"]
[Source "ChessBase"]
[SourceDate "2023.10.10"]
[SourceVersion "1"]
[SourceVersionDate "2023.10.10"]
[SourceQuality "1"]
[WhiteTeam "Italy 65"]
[BlackTeam "Kosovo 65"]
[WhiteTeamCountry "ITA"]
[BlackTeamCountry "KOS"]

1. d4 c6 2. e4 d6 3. Nc3 Nd7 4. Nf3 Qa5 5. Bc4 h6 6. a3 e5 7. 0-0 Ngf6 8. Ba2 Be7 9. Be3 Nf8 10. Qd3 g5 11. b4 Qc7 12. d5 Ng6 13. dxc6 bxc6 14. b5 0-0 15. bxc6 Qxc6 16. Nd5 Ba6 17. c4 Nxd5 18. exd5 Qd7 19. Nd2 Rfc8 20. Rab1 Rc7 21. Rb4 f5 22. f3 Bf6 23. Kh1 Nf8 24. Bg1 Bd8 25. Rc1 Kg7 26. Bb1 Bc8 27. c5 dxc5 28. Rxc5 Be7 29. Rxc7 Qxc7 30. Rc4 Qd6 31. Bc5 Qf6 32. Bxe7 Qxe7 33. d6 Qe6 34. Rc7+ Bd7 35. Nc4 Kf6 36. Ne3 Rb8 37. h3 Qb3 38. Nd5+ Kg6 39. Ne7+ Kf6 40. Nd5+ Kg6 41. Ne7+ Kf6 1/2-1/2

[Event "WchT Seniors 65"]
[Site "Struga"]
[Date "2023.09.27"]
[Round "8.2"]
[White "Meister, Jakob"]
[Black "Messa, Roberto"]
[Result "1-0"]
[WhiteElo "2439"]
[BlackElo "2289"]
[PlyCount "87"]
[EventDate "2023.09.19"]
[EventType "team-swiss"]
[EventRounds "9"]
[EventCountry "MKD"]
[SourceTitle "EXT 2024"]
[Source "ChessBase"]
[SourceDate "2023.10.10"]
[SourceVersion "1"]
[SourceVersionDate "2023.10.10"]
[SourceQuality "1"]
[WhiteTeam "Lasker Schachstiftung 65"]
[BlackTeam "Italy 65"]
[WhiteTeamCountry "GER"]
[BlackTeamCountry "ITA"]

1. d4 d5 2. c4 e6 3. Nf3 Nf6 4. Nc3 Be7 5. cxd5 exd5 6. Bg5 c6 7. Qc2 Nbd7 8. e3 Nb6 9. Bd3 Nh5 10. Bxe7 Qxe7 11. 0-0 g6 12. a4 a5 13. Na2 0-0 14. Rfb1 Be6 15. b4 Nc4 16. Qc3 axb4 17. Qxb4 Nd6 18. Nc3 Rfc8 19. a5 Nf6 20. Na4 Rc7 21. Rc1 Nfe8 22. Nb6 Rb8 23. Ne5 Nc8 24. Qb2 Qd6 25. Na4 f6 26. Nf3 Ra8 27. Nc5 Qe7 28. Nxe6 Qxe6 29. e4 Kg7 30. e5 f5 31. Nd2 f4 32. Be2 Kg8 33. Nb3 h5 34. Nc5 Qe7 35. Qd2 Qf7 36. Nd3 g5 37. g3 Ng7 38. gxf4 g4 39. Nc5 Ne7 40. f3 Ng6 41. fxg4 Nxf4 42. Rf1 Rf8 43. Kh1 h4 44. Rf3 1-0

[Event "WchT Seniors 65"]
[Site "Struga"]
[Date "2023.09.19"]
[Round "1.2"]
[White "Messa, Roberto"]
[Black "Kralevski, Aleksander"]
[Result "0-1"]
[WhiteElo "2289"]
[BlackElo "2054"]
[PlyCount "50"]
[EventDate "2023.09.19"]
[EventType "team-swiss"]
[EventRounds "9"]
[EventCountry "MKD"]
[SourceTitle "EXT 2024"]
[Source "ChessBase"]
[SourceDate "2023.10.10"]
[SourceVersion "1"]
[SourceVersionDate "2023.10.10"]
[SourceQuality "1"]
[WhiteTeam "Italy 65"]
[BlackTeam "Macedonia 65"]
[WhiteTeamCountry "ITA"]
[BlackTeamCountry "MKD"]

1. d4 d5 2. c4 c6 3. Nf3 Nf6 4. e3 e6 5. Nc3 Nbd7 6. Be2 Bd6 7. 0-0 0-0 8. Qc2 dxc4 9. Bxc4 e5 10. Rd1 Qe7 11. h3 Kh8 12. Be2 e4 13. Nd2 Re8 14. a3 Nb6 15. b4 Nbd5 16. Nf1 Nxc3 17. Qxc3 Nd5 18. Qc2 Qg5 19. Kh1 Qh4 20. Kg1 Bxh3 21. gxh3 Qxh3 22. f3 Re6 23. Qxe4 Rxe4 24. fxe4 Nc3 25. Re1 Nxe4 0-1

[Event "ITA-chT 48th"]
[Site "Civitanova Marche"]
[Date "2016.04.28"]
[Round "2.2"]
[White "Ortega, Lexy"]
[Black "Messa, Roberto"]
[Result "1-0"]
[WhiteElo "2480"]
[BlackElo "2299"]
[PlyCount "71"]
[EventDate "2016.04.27"]
[EventType "team-swiss"]
[EventRounds "7"]
[EventCountry "ITA"]
[SourceTitle "CBM 172 Extra"]
[Source "ChessBase"]
[SourceDate "2016.06.21"]
[SourceVersion "1"]
[SourceVersionDate "2016.06.21"]
[SourceQuality "1"]
[WhiteTeam "Modena"]
[BlackTeam "SST 1904"]
[WhiteTeamCountry "ITA"]
[BlackTeamCountry "ITA"]

1. d4 Nf6 2. Nf3 e6 3. e3 c5 4. c4 d5 5. cxd5 exd5 6. Bb5+ Nc6 7. 0-0 a6 8. Bxc6+ bxc6 9. dxc5 Bxc5 10. Qc2 Qd6 11. b3 0-0 12. Bb2 Re8 13. Rc1 Ne4 14. Nbd2 Nxd2 15. Qxd2 Bb4 16. Qd4 f6 17. a3 c5 18. Qh4 Re4 19. Qg3 Qe7 20. axb4 Rg4 21. Qh3 Rg6 22. Qh4 Rg4 23. Qh5 Qe4 24. h3 Rg6 25. Ne1 Bb7 26. bxc5 d4 27. c6 Bxc6 28. Rxc6 Qxc6 29. Bxd4 Rb8 30. Qf3 Qe6 31. Nd3 Qxb3 32. Nc5 Qc4 33. Ne4 a5 34. h4 Rb5 35. h5 Rh6 36. Nd6 1-0

[Event "Porto Mannu op 4th"]
[Site "Porto Mannu"]
[Date "2012.06.02"]
[Round "2"]
[White "Danieli, Enrico"]
[Black "Messa, Roberto"]
[Result "1-0"]
[WhiteElo "2093"]
[BlackElo "2305"]
[PlyCount "59"]
[EventDate "2012.06.02"]
[EventType "swiss"]
[EventRounds "9"]
[EventCountry "ITA"]
[SourceTitle "EXT 2014"]
[Source "ChessBase"]
[SourceDate "2013.11.20"]
[SourceVersion "1"]
[SourceVersionDate "2013.11.20"]
[SourceQuality "1"]

1. d4 d5 2. Nf3 Nf6 3. e3 e6 4. Bd3 c5 5. c3 Nc6 6. Nbd2 Be7 7. 0-0 0-0 8. Qe2 b6 9. dxc5 bxc5 10. e4 Qc7 11. Re1 Bb7 12. e5 Nd7 13. Nf1 Rfe8 14. Ng3 Nf8 15. Nh5 g6 16. Ng5 Qxe5 17. Qd1 Qh8 18. Qf3 f5 19. Nxe6 Ne5 20. Qg3 Bd6 21. Bg5 Rxe6 22. f4 h6 23. fxe5 hxg5 24. exd6 Qxh5 25. Rxe6 Nxe6 26. Qe5 Nf8 27. Re1 Rd8 28. Qf6 Rd7 29. Re7 Qh6 30. Bxf5 1-0

[Event "Porto Mannu op 4th"]
[Site "Porto Mannu"]
[Date "2012.06.02"]
[Round "9"]
[White "Messa, Roberto"]
[Black "Gromovs, Sergejs"]
[Result "0-1"]
[WhiteElo "2305"]
[BlackElo "2162"]
[PlyCount "114"]
[EventDate "2012.06.02"]
[EventType "swiss"]
[EventRounds "9"]
[EventCountry "ITA"]
[SourceTitle "EXT 2014"]
[Source "ChessBase"]
[SourceDate "2013.11.20"]
[SourceVersion "1"]
[SourceVersionDate "2013.11.20"]
[SourceQuality "1"]

1. e4 d6 2. d4 Nf6 3. Nc3 g6 4. g3 Bg7 5. Bg2 0-0 6. Nge2 Nbd7 7. 0-0 c5 8. h3 cxd4 9. Nxd4 a6 10. Bg5 h6 11. Be3 Qc7 12. Qd2 Kh7 13. Nd5 Nxd5 14. exd5 Nf6 15. Rac1 e5 16. dxe6 fxe6 17. c4 e5 18. Ne2 Be6 19. Nc3 Qd7 20. Nd5 Nxd5 21. cxd5 Bxh3 22. Bxh3 Qxh3 23. Rc4 Rf3 24. Qe2 Raf8 25. Rfc1 R8f5 26. Re4 Rf7 27. Rcc4 h5 28. Bf4 b5 29. Rc2 R3xf4 30. gxf4 exf4 31. f3 Rf5 32. Qg2 Qh4 33. Qh2 Qxh2+ 34. Kxh2 Rxd5 35. Re7 Kh6 36. Ra7 Rd3 37. Rxa6 Rxf3 38. Rb6 Re3 39. Rxb5 f3 40. Kg3 Be5+ 41. Kf2 Bd4 42. Kf1 Rd3 43. Ke1 Bf6 44. Rb4 Be5 45. Kf2 Bd4+ 46. Rxd4 Rxd4 47. Kxf3 g5 48. Ke3 Rd5 49. b4 h4 50. a4 Re5+ 51. Kd4 h3 52. Rh2 g4 53. b5 Rh5 54. b6 g3 55. b7 g2 56. b8Q g1Q+ 57. Ke4 Re5+ 0-1

[Event "ITA-ch 47th"]
[Site "Italy"]
[Date "1987.??.??"]
[Round "?"]
[White "Messa, Roberto"]
[Black "Tatai, Stefano"]
[Result "1/2-1/2"]
[WhiteElo "2310"]
[BlackElo "2425"]
[PlyCount "28"]
[EventDate "1987.??.??"]
[EventType "tourn"]
[EventRounds "13"]
[EventCountry "ITA"]
[EventCategory "3"]
[SourceTitle "EXT 2002"]
[Source "ChessBase"]
[SourceDate "2001.11.25"]
[SourceVersion "1"]
[SourceVersionDate "2001.11.25"]
[SourceQuality "1"]

1. e4 c5 2. Nf3 g6 3. d4 Bg7 4. c4 d6 5. Nc3 Bg4 6. Be3 Bxf3 7. gxf3 cxd4 8. Bxd4 Bxd4 9. Qxd4 Nf6 10. 0-0-0 Nc6 11. Qd2 Qa5 12. Kb1 0-0 13. Be2 Qc5 14. Nd5 Qxf2 1/2-1/2

[Event "ITA-ch 47th"]
[Site "Italy"]
[Date "1987.??.??"]
[Round "?"]
[White "Passerotti, Pierluigi"]
[Black "Messa, Roberto"]
[Result "0-1"]
[WhiteElo "2320"]
[BlackElo "2310"]
[PlyCount "112"]
[EventDate "1987.??.??"]
[EventType "tourn"]
[EventRounds "13"]
[EventCountry "ITA"]
[EventCategory "3"]
[SourceTitle "EXT 2002"]
[Source "ChessBase"]
[SourceDate "2001.11.25"]
[SourceVersion "1"]
[SourceVersionDate "2001.11.25"]
[SourceQuality "1"]

1. Nf3 d5 2. c4 e6 3. d4 c5 4. cxd5 exd5 5. g3 Nc6 6. Bg2 Nf6 7. Nc3 Be7 8. 0-0 0-0 9. Bg5 Be6 10. Rc1 c4 11. Ne5 Qa5 12. e3 Rfe8 13. f4 Nxe5 14. dxe5 Ng4 15. Bxe7 Rxe7 16. Qd4 Nh6 17. Nxd5 Rd7 18. e4 Nf5 19. Qf2 Rad8 20. Rxc4 Qxa2 21. Rcc1 Ne7 22. Nxe7+ Rxe7 23. Rfd1 Rxd1+ 24. Rxd1 h6 25. Qc5 Qb3 26. Rd2 Re8 27. Kf2 Rc8 28. Qe3 Qb4 29. Bf3 Bb3 30. Be2 Rc2 31. Rd4 Bc4 32. Kf3 Rxe2 33. Qc3 Qxc3+ 34. bxc3 Ba6 35. Rd8+ Kh7 36. Rd7 Rc2 37. Rxf7 Rxc3+ 38. Kg4 Rc4 39. Kf3 Rb4 40. f5 Kg8 41. e6 Bd3 42. e5 Be4+ 43. Kf2 Bc6 44. f6 gxf6 45. exf6 Re4 46. Rg7+ Kf8 47. e7+ Ke8 48. Rg8+ Kf7 49. Rf8+ Kg6 50. g4 Rf4+ 51. Kg3 Rf3+ 52. Kh4 Re3 53. h3 a5 54. Rh8 Kxf6 55. Rxh6+ Kxe7 56. Kg5 a4 0-1

[Event "Reggio Emilia-28 B 8586"]
[Site "Reggio Emilia"]
[Date "1986.01.07"]
[Round "12"]
[White "Martorelli, Antonio"]
[Black "Messa, Roberto"]
[Result "0-1"]
[WhiteElo "2315"]
[BlackElo "2385"]
[PlyCount "108"]
[EventDate "1985.12.27"]
[EventType "tourn"]
[EventRounds "13"]
[EventCountry "ITA"]
[EventCategory "4"]
[SourceTitle "EXT 2024"]
[Source "ChessBase"]
[SourceDate "2023.10.10"]
[SourceVersion "1"]
[SourceVersionDate "2023.10.10"]
[SourceQuality "1"]

1. e4 e6 2. d4 d5 3. Nc3 Bb4 4. e5 Ne7 5. Qg4 Nf5 6. Nf3 Nc6 7. a3 Be7 8. h4 h5 9. Qf4 f6 10. Nb5 0-0 11. exf6 Bxf6 12. Qxc7 Nfxd4 13. Nfxd4 Bxd4 14. f3 Qxc7 15. Nxc7 Rb8 16. Nb5 Be5 17. Bd3 Bg3+ 18. Kd1 e5 19. Bg5 e4 20. fxe4 Bg4+ 21. Kc1 d4 22. a4 Rf2 23. Ra3 Be5 24. Bc4+ Kh7 25. Rd3 Rxg2 26. Rd2 Rxd2 27. Kxd2 Rf8 28. Rf1 Rxf1 29. Bxf1 Kg6 30. c3 dxc3+ 31. bxc3 a6 32. Na3 Bf6 33. Bxf6 Kxf6 34. Nc4 g5 35. hxg5+ Kxg5 36. Ke3 Bd1 37. Nd6 Na5 38. Kd4 Nb3+ 39. Ke3 Na5 40. Kd4 Bxa4 41. Kc5 Nb3+ 42. Kb4 Nd2 43. Bh3 Bc6 44. e5 Nf3 45. e6 Kf6 46. Nf5 Ng5 47. Ng3 Nxh3 48. Nxh5+ Kxe6 49. Kc5 Kf5 50. Ng7+ Kf6 51. Nh5+ Kg6 52. Ng3 Kg5 53. Ne2 Nf4 54. Nd4 Be4 0-1

[Event "Albena"]
[Site "Albena"]
[Date "1986.??.??"]
[Round "?"]
[White "Danailov, Silvio"]
[Black "Messa, Roberto"]
[Result "1/2-1/2"]
[WhiteElo "2400"]
[BlackElo "2345"]
[PlyCount "71"]
[EventDate "1986.09.??"]
[EventType "tourn"]
[EventRounds "11"]
[EventCountry "BUL"]
[EventCategory "7"]
[SourceTitle "EXT 1997"]
[Source "ChessBase"]
[SourceDate "1996.11.15"]
[SourceVersion "1"]
[SourceVersionDate "1996.11.15"]
[SourceQuality "1"]

1. Nf3 Nf6 2. c4 e6 3. g3 c5 4. Bg2 d5 5. cxd5 exd5 6. d4 Nc6 7. 0-0 Be7 8. Nc3 0-0 9. Bg5 Be6 10. dxc5 Bxc5 11. Rc1 Be7 12. Nd4 Nxd4 13. Qxd4 Qa5 14. Qd3 Rfd8 15. Qb5 Qb6 16. Qxb6 axb6 17. a3 Ra5 18. Rfd1 d4 19. Ne4 Rb5 20. Rc7 Re8 21. Nxf6+ Bxf6 22. Bxf6 gxf6 23. b4 Ra8 24. Rxd4 Rxa3 25. h4 Ra4 26. Rd8+ Kg7 27. Rd6 Kh8 28. Be4 Raxb4 29. Bd3 Rd5 30. Rxd5 Bxd5 31. Rd7 Be6 32. Rxb7 Kg7 33. f3 f5 34. f4 Bd5 35. Rb8 Be4 36. Kf2 1/2-1/2

[Event "Albena"]
[Site "Albena"]
[Date "1986.??.??"]
[Round "?"]
[White "Genov, Petko"]
[Black "Messa, Roberto"]
[Result "1/2-1/2"]
[WhiteElo "2395"]
[BlackElo "2345"]
[PlyCount "106"]
[EventDate "1986.09.??"]
[EventType "tourn"]
[EventRounds "11"]
[EventCountry "BUL"]
[EventCategory "7"]
[SourceTitle "EXT 1997"]
[Source "ChessBase"]
[SourceDate "1996.11.15"]
[SourceVersion "1"]
[SourceVersionDate "1996.11.15"]
[SourceQuality "1"]

1. d4 Nf6 2. Nf3 e6 3. c4 c5 4. d5 exd5 5. cxd5 d6 6. Nc3 g6 7. Bf4 a6 8. a4 Bg7 9. e4 0-0 10. Nd2 Nh5 11. Be3 f5 12. exf5 Bxf5 13. Be2 Nf6 14. a5 b5 15. axb6 Qxb6 16. Nc4 Qd8 17. 0-0 Ra7 18. Qd2 Rb7 19. Bf4 Ne8 20. Ra4 Bd7 21. Bg5 Bf6 22. Bxf6 Qxf6 23. Ra3 Qh4 24. Ne3 Rf4 25. Bxa6 Nxa6 26. Rxa6 Rfb4 27. Ned1 Rg4 28. f3 Rgb4 29. Qe3 Qd4 30. Qxd4 cxd4 31. Ne4 R4b6 32. Rxb6 Rxb6 33. Rf2 Rb5 34. Rd2 Rxd5 35. Ne3 Rb5 36. Rxd4 Rxb2 37. Nxd6 Nxd6 38. Rxd6 Rb7 39. Kf2 Kf7 40. Rd4 Be6 41. f4 h6 42. Kf3 Rb3 43. Ke4 Rb2 44. h3 Rf2 45. Ra4 g5 46. Ra7+ Kf6 47. fxg5+ hxg5 48. Ra6 Rf4+ 49. Kd3 Ke5 50. Ra5+ Kf6 51. Rc5 Rh4 52. Ke2 g4 53. hxg4 Bxg4+ 1/2-1/2

[Event "ITA-ch 46th"]
[Site "Cesenatico"]
[Date "1986.??.??"]
[Round "11"]
[White "Messa, Roberto"]
[Black "Belotti, Bruno"]
[Result "1/2-1/2"]
[WhiteElo "2410"]
[BlackElo "2355"]
[PlyCount "108"]
[EventDate "1986.??.??"]
[EventType "tourn"]
[EventRounds "13"]
[EventCountry "ITA"]
[EventCategory "5"]
[SourceTitle "EXT 2000"]
[Source "ChessBase"]
[SourceDate "1999.11.16"]
[SourceVersion "1"]
[SourceVersionDate "1999.11.16"]
[SourceQuality "1"]

1. e4 e5 2. Nf3 Nc6 3. Bb5 a6 4. Ba4 Nf6 5. 0-0 Be7 6. d3 b5 7. Bb3 d6 8. a4 Bb7 9. axb5 axb5 10. Rxa8 Bxa8 11. Bg5 0-0 12. Nc3 b4 13. Bxf6 Bxf6 14. Nd5 Na5 15. Ba2 Bxd5 16. Bxd5 c6 17. Ba2 Qb6 18. Nd2 Qd4 19. Qb1 Bd8 20. Nb3 Nxb3 21. Bxb3 g6 22. Qa2 Bb6 23. Qa6 Rb8 24. Qa4 Qc5 25. Ba2 Kg7 26. Qb3 Rf8 27. g3 Kh6 28. g4 Kg5 29. h3 h5 30. gxh5 Kxh5 31. Kg2 Kh6 32. Kg3 f5 33. exf5 Qd4 34. Qc4 Rxf5 35. c3 Qxc4 36. Bxc4 d5 37. Bb3 bxc3 38. bxc3 e4 39. dxe4 dxe4 40. Bc2 Rf3+ 41. Kg2 Rf4 42. Kg3 g5 43. h4 Rxh4 44. Re1 Bxf2+ 45. Kxf2 Rh2+ 46. Ke3 Rxc2 47. Kd4 g4 48. Rxe4 g3 49. Rg4 g2 50. Kd3 Kh5 51. Rg8 Ra2 52. Ke4 Kh4 53. Kf3 Rc2 54. Rxg2 Rxg2 1/2-1/2

[Event "ITA-ch 46th"]
[Site "Cesenatico"]
[Date "1986.??.??"]
[Round "5"]
[White "Messa, Roberto"]
[Black "De Eccher, Stefano"]
[Result "1/2-1/2"]
[WhiteElo "2410"]
[BlackElo "2325"]
[PlyCount "119"]
[EventDate "1986.??.??"]
[EventType "tourn"]
[EventRounds "13"]
[EventCountry "ITA"]
[EventCategory "5"]
[SourceTitle "EXT 2000"]
[Source "ChessBase"]
[SourceDate "1999.11.16"]
[SourceVersion "1"]
[SourceVersionDate "1999.11.16"]
[SourceQuality "1"]

1. e4 c5 2. Nf3 d6 3. d4 cxd4 4. Nxd4 Nf6 5. Nc3 g6 6. Bc4 Bg7 7. h3 0-0 8. 0-0 a6 9. Bb3 Nbd7 10. Be3 Nc5 11. Qf3 Bd7 12. Rad1 Rc8 13. Rfe1 Re8 14. Bg5 Nxb3 15. axb3 Qa5 16. Qe3 Bc6 17. f4 Qc5 18. Nxc6 Qxe3+ 19. Rxe3 bxc6 20. Re2 Nd7 21. Bh4 Nc5 22. Bf2 Ne6 23. f5 Nc7 24. g4 Nb5 25. Na4 c5 26. Nb6 Rb8 27. Nc4 Bd4 28. Ra1 Ra8 29. c3 Bxf2+ 30. Kxf2 Nc7 31. f6 exf6 32. Nxd6 Reb8 33. Ra3 Nb5 34. Nxb5 axb5 35. Ke3 Kf8 36. Rd2 Rxa3 37. bxa3 Ra8 38. Ra2 Ke7 39. a4 c4 40. bxc4 Rxa4 41. Rb2 Rxc4 42. Kd3 Rc5 43. Kd4 Rg5 44. Ra2 h5 45. Ra7+ Ke6 46. Ra6+ Ke7 47. Ra7+ Kf8 48. Ra8+ Kg7 49. gxh5 Rxh5 50. Rb8 Re5 51. Rc8 Rh5 52. Rb8 Rh4 53. Rxb5 f5 54. c4 fxe4 55. c5 Rxh3 56. c6 e3 57. c7 e2 58. Rb1 Rh8 59. Ke5 f5 60. Re1 1/2-1/2

[Event "Albena"]
[Site "Albena"]
[Date "1986.??.??"]
[Round "?"]
[White "Messa, Roberto"]
[Black "Kolev, Atanas"]
[Result "0-1"]
[WhiteElo "2345"]
[BlackElo "2350"]
[PlyCount "104"]
[EventDate "1986.09.??"]
[EventType "tourn"]
[EventRounds "11"]
[EventCountry "BUL"]
[EventCategory "7"]
[SourceTitle "EXT 1997"]
[Source "ChessBase"]
[SourceDate "1996.11.15"]
[SourceVersion "1"]
[SourceVersionDate "1996.11.15"]
[SourceQuality "1"]

1. e4 e6 2. d4 d5 3. Nd2 Nf6 4. e5 Nfd7 5. f4 c5 6. Ndf3 Nc6 7. Ne2 Qb6 8. g3 f5 9. c3 Be7 10. Bg2 a5 11. h3 Ndb8 12. g4 Na6 13. 0-0 0-0 14. Kh2 Nc7 15. Ng3 a4 16. gxf5 exf5 17. dxc5 Qxc5 18. Nd4 a3 19. Nb3 axb2 20. Bxb2 Qc4 21. Nd2 Qa4 22. Qb3 Be6 23. Ne2 Rfc8 24. Nf3 Nb5 25. Rfd1 h6 26. h4 Bc5 27. Kg3 Be3 28. Rd3 Qxb3 29. axb3 Rxa1 30. Bxa1 Bb6 31. Nd2 Ra8 32. Bxd5 Bxd5 33. Rxd5 Nc7 34. Rd7 Rxa1 35. Nc4 Na8 36. Rxb7 Ra7 37. Rxb6 Nxb6 38. Nxb6 Rb7 39. Nc4 Rxb3 40. Nd6 Ne7 41. Kf2 g6 42. Ke3 Rb1 43. c4 Rb3+ 44. Kd4 Rh3 45. e6 Kf8 46. Nf7 Rxh4 47. Ke5 Rh3 48. Kf6 Re3 49. Nd4 Re4 50. Nf3 Ng8+ 51. Kxg6 Rxe6+ 52. Kxf5 Rf6+ 0-1

[Event "ITA-ch 46th"]
[Site "Cesenatico"]
[Date "1986.??.??"]
[Round "12"]
[White "Messa, Roberto"]
[Black "Martorelli, Antonio"]
[Result "1-0"]
[WhiteElo "2410"]
[BlackElo "2305"]
[PlyCount "49"]
[EventDate "1986.??.??"]
[EventType "tourn"]
[EventRounds "13"]
[EventCountry "ITA"]
[EventCategory "5"]
[SourceTitle "EXT 2000"]
[Source "ChessBase"]
[SourceDate "1999.11.16"]
[SourceVersion "1"]
[SourceVersionDate "1999.11.16"]
[SourceQuality "1"]

1. e4 c5 2. Nf3 e6 3. d4 cxd4 4. Nxd4 a6 5. Bd3 Nc6 6. Nxc6 dxc6 7. Nd2 e5 8. Nc4 Ne7 9. Be3 Ng6 10. Nb6 Rb8 11. Nxc8 Rxc8 12. Qf3 Bb4+ 13. Kf1 0-0 14. h4 b5 15. h5 Nf4 16. Bxf4 exf4 17. e5 Qe7 18. Qxf4 Ba5 19. Rh3 c5 20. Rg3 Kh8 21. Rxg7 Kxg7 22. Qf5 Rg8 23. h6+ Kxh6 24. Qxh7+ Kg5 25. g3 1-0

[Event "Albena"]
[Site "Albena"]
[Date "1986.??.??"]
[Round "?"]
[White "Messa, Roberto"]
[Black "Popchev, Milko"]
[Result "0-1"]
[WhiteElo "2345"]
[BlackElo "2380"]
[PlyCount "102"]
[EventDate "1986.09.??"]
[EventType "tourn"]
[EventRounds "11"]
[EventCountry "BUL"]
[EventCategory "7"]
[SourceTitle "EXT 1997"]
[Source "ChessBase"]
[SourceDate "1996.11.15"]
[SourceVersion "1"]
[SourceVersionDate "1996.11.15"]
[SourceQuality "1"]

1. e4 d6 2. d4 Nf6 3. Nc3 g6 4. f4 Bg7 5. Nf3 0-0 6. Bd3 Nc6 7. 0-0 e6 8. Kh1 Ne7 9. Qe1 b6 10. Qh4 Bb7 11. f5 gxf5 12. exf5 exf5 13. Bg5 Ng6 14. Qh3 f4 15. Ne4 Re8 16. Rae1 Bxe4 17. Bxe4 Rb8 18. Bd3 Rxe1 19. Rxe1 Qc8 20. Qxc8+ Rxc8 21. Nh4 Nxh4 22. Bxh4 Re8 23. Rxe8+ Nxe8 24. c3 Bf6 25. Be1 c5 26. dxc5 bxc5 27. Bd2 Be5 28. Kg1 Nc7 29. Kf2 d5 30. Kf3 Ne6 31. Bf5 c4 32. b4 Ng5+ 33. Kg4 Ne4 34. Bxe4 dxe4 35. Kf5 f3 36. gxf3 exf3 37. Be3 Bxc3 38. Ke4 a6 39. a3 f5+ 40. Kxf3 Kf7 41. Kf4 Ke6 42. h4 Be5+ 43. Kf3 Kd5 44. a4 c3 45. b5 a5 46. Ke2 Kc4 47. b6 c2 48. b7 Bb8 49. Kd2 Kb3 50. Kc1 f4 51. Bb6 f3 0-1

[Event "Albena"]
[Site "Albena"]
[Date "1986.??.??"]
[Round "?"]
[White "Spassov, Liuben"]
[Black "Messa, Roberto"]
[Result "1-0"]
[WhiteElo "2375"]
[BlackElo "2345"]
[PlyCount "89"]
[EventDate "1986.09.??"]
[EventType "tourn"]
[EventRounds "11"]
[EventCountry "BUL"]
[EventCategory "7"]
[SourceTitle "EXT 1997"]
[Source "ChessBase"]
[SourceDate "1996.11.15"]
[SourceVersion "1"]
[SourceVersionDate "1996.11.15"]
[SourceQuality "1"]

1. Nf3 Nf6 2. c4 e6 3. g3 d5 4. Bg2 c5 5. cxd5 exd5 6. d4 Nc6 7. 0-0 Be7 8. Nc3 0-0 9. dxc5 Bxc5 10. Bg5 d4 11. Ne4 Be7 12. Bxf6 Bxf6 13. Rc1 Be7 14. Ne1 Qb6 15. Nd3 a5 16. a3 a4 17. Nec5 Ra5 18. Qc2 Qa7 19. Rfd1 h6 20. Qc4 Ne5 21. Qc2 Bf5 22. Ne4 Nc6 23. Nd2 Re5 24. Bf3 Re6 25. Qc4 Ne5 26. Nxe5 Rxe5 27. Qc7 Bf6 28. Nc4 Rc5 29. Qb6 Qxb6 30. Nxb6 Rb5 31. Nxa4 Ra8 32. Rc5 Bc2 33. Rxc2 Rxa4 34. Rc8+ Kh7 35. Be4+ g6 36. Rd2 Kg7 37. Rc7 d3 38. Bxd3 Rxb2 39. Rxb2 Bxb2 40. Bc4 b5 41. Bxb5 Rxa3 42. Bc4 Kf6 43. Rxf7+ Ke5 44. Bd3 g5 45. Rh7 1-0

[Event "Reggio Emilia-28 B 8586"]
[Site "Reggio Emilia"]
[Date "1985.12.28"]
[Round "2"]
[White "Messa, Roberto"]
[Black "Meyer, Claus Dieter"]
[Result "1-0"]
[WhiteElo "2385"]
[BlackElo "2335"]
[PlyCount "85"]
[EventDate "1985.12.27"]
[EventType "tourn"]
[EventRounds "13"]
[EventCountry "ITA"]
[EventCategory "4"]
[SourceTitle "EXT 2024"]
[Source "ChessBase"]
[SourceDate "2023.10.10"]
[SourceVersion "1"]
[SourceVersionDate "2023.10.10"]
[SourceQuality "1"]

1. e4 c5 2. Nf3 e6 3. d4 cxd4 4. Nxd4 Nc6 5. Nc3 d6 6. Be2 Nf6 7. 0-0 Be7 8. Be3 0-0 9. f4 e5 10. fxe5 dxe5 11. Nf5 Bxf5 12. Rxf5 g6 13. Rf2 Nd4 14. Bd3 Ne6 15. Kh1 h5 16. h3 Nf4 17. Qf3 Nxd3 18. cxd3 h4 19. Bh6 Qd4 20. Nd5 Nxd5 21. exd5 f5 22. Bxf8 Rxf8 23. Rc2 Bd6 24. Re1 e4 25. dxe4 Qe5 26. g4 fxe4 27. Qxe4 Qg3 28. Qxg6+ Kh8 29. Qh6+ Kg8 30. Qg6+ Kh8 31. Qh6+ Kg8 32. Qe6+ Kh8 33. g5 Qd3 34. Rce2 Qf3+ 35. Rg2 Bg3 36. g6 Kg7 37. Qe7+ Kh6 38. Qe3+ Qxe3 39. Rxe3 Kxg6 40. Rgxg3+ hxg3 41. Rxg3+ Kh5 42. Rd3 Kh4 43. Kg2 1-0

[Event "Reggio Emilia-28 B 8586"]
[Site "Reggio Emilia"]
[Date "1985.12.27"]
[Round "1"]
[White "Sartori, Spartaco"]
[Black "Messa, Roberto"]
[Result "1-0"]
[WhiteElo "2330"]
[BlackElo "2385"]
[PlyCount "105"]
[EventDate "1985.12.27"]
[EventType "tourn"]
[EventRounds "13"]
[EventCountry "ITA"]
[EventCategory "4"]
[SourceTitle "EXT 2024"]
[Source "ChessBase"]
[SourceDate "2023.10.10"]
[SourceVersion "1"]
[SourceVersionDate "2023.10.10"]
[SourceQuality "1"]

1. d4 d5 2. c4 e6 3. Nf3 Nf6 4. Nc3 Be7 5. Bg5 0-0 6. e3 h6 7. Bxf6 Bxf6 8. Rc1 c6 9. Bd3 Nd7 10. cxd5 exd5 11. b4 Be7 12. b5 Ba3 13. Rc2 Bd6 14. 0-0 Nf6 15. Ne2 Bd7 16. bxc6 Bxc6 17. Rb2 a6 18. Ng3 g6 19. Ne5 Bxe5 20. dxe5 Nd7 21. e6 fxe6 22. Qg4 Qg5 23. Qxe6+ Kg7 24. h4 Qf6 25. Qg4 Kh8 26. Qxg6 Qxg6 27. Bxg6 Ne5 28. Bb1 Nc4 29. Rc2 b5 30. Ne2 a5 31. Rcc1 Rae8 32. Rfd1 Rf6 33. Rd4 a4 34. Nf4 Rd8 35. Nd3 Rdf8 36. Rd1 Kg8 37. Rg4+ Kf7 38. Nb4 Bb7 39. Nxd5 Rd8 40. Rgd4 Rfd6 41. Nb4 Rxd4 42. Rxd4 Rxd4 43. exd4 Ke6 44. Bd3 Nd6 45. f3 Bd5 46. Kf2 Bc4 47. Be4 Nc8 48. Ke3 Nb6 49. g4 a3 50. f4 Na4 51. d5+ Kd6 52. Kd4 Nc5 53. Bg2 1-0